Normal view
MARC view
Entry Personal Name
001 - CONTROL NUMBER
- control field: 67355
003 - CONTROL NUMBER IDENTIFIER
- control field: dpl
005 - DATE AND TIME OF LATEST TRANSACTION
- control field: 20240604150525.0
008 - FIXED-LENGTH DATA ELEMENTS
- fixed length control field: 240604|| aca||aabn | a|a d
040 ## - CATALOGING SOURCE
- Original cataloging agency: dpl
- Transcribing agency: dpl
100 ## - HEADING--PERSONAL NAME
- Personal name: Prathipati Ratna Kumar
670 ## - SOURCE DATA FOUND
- Source citation: Work cat.: (dpl)203517: Mahajan, Kriti 67354, Software Engineering, May, 2022
